The food of Asia : fabulous recipes from every corner of Asia : featuring authentic recipes from master chefs in Burma, China, India, Indonesia, Japan, Korea, Malaysia, the Philippines, Singapore, Sri Lanka, Thailand, and Vietnam / (Record no. 674)

MARC details
000 -LEADER
fixed length control field 00793nam a2200217 4500
003 - CONTROL NUMBER IDENTIFIER
control field OSt
005 - DATE AND TIME OF LATEST TRANSACTION
control field 20240614021422.0
008 - FIXED-LENGTH DATA ELEMENTS--GENERAL INFORMATION
fixed length control field 240614b |||||||| |||| 00| 0 eng d
020 ## - INTERNATIONAL STANDARD BOOK NUMBER
International Standard Book Number 0794601464
040 ## - CATALOGING SOURCE
Original cataloging agency DWCL-HMN lib.
Transcribing agency OC
082 ## - DEWEY DECIMAL CLASSIFICATION NUMBER
Classification number Circ. 641.595 F686a 2002
006 - FIXED-LENGTH DATA ELEMENTS--ADDITIONAL MATERIAL CHARACTERISTICS
fixed length control field a
100 ## - MAIN ENTRY--PERSONAL NAME
Personal name Cheong Liew
245 ## - TITLE STATEMENT
Title The food of Asia : fabulous recipes from every corner of Asia : featuring authentic recipes from master chefs in Burma, China, India, Indonesia, Japan, Korea, Malaysia, the Philippines, Singapore, Sri Lanka, Thailand, and Vietnam /
260 ## - PUBLICATION, DISTRIBUTION, ETC.
Place of publication, distribution, etc. Singapore :
Name of publisher, distributor, etc. Periplus Editions, (HK) Ltd.,
Date of publication, distribution, etc. c2002.
300 ## - PHYSICAL DESCRIPTION
Other physical details 192 p. : col. ill. ;
Dimensions 30 cm.
504 ## - BIBLIOGRAPHY, ETC. NOTE
Bibliography, etc. note Includes index.<br/>
650 ## - SUBJECT ADDED ENTRY--TOPICAL TERM
Topical term or geographic name entry element 1. Cooking, Asian.
700 ## - ADDED ENTRY--PERSONAL NAME
Personal name Cheong Liew
942 ## - ADDED ENTRY ELEMENTS (KOHA)
Source of classification or shelving scheme Dewey Decimal Classification
Suppress in OPAC No
Koha item type Book Circulation
Call number prefix Circ.
Holdings
Withdrawn status Lost status Source of classification or shelving scheme Damaged status Not for loan Home library Current library Date acquired Source of acquisition Total Checkouts Full call number Barcode Date last seen Copy number Price effective from Koha item type Uniform Resource Identifier
    Dewey Decimal Classification     HM & Nursing Library HM & Nursing Library 06/14/2013 Donation   Circ. 641.595 F686a 2002 49956 06/14/2024 c1 06/14/2024 Book Circulation